Protection des justiciables dans la gestion de la dťention

Detalles Bibliográficos
Autor principal: Kanane, Julio Tuneko
Formato: eBook
Publicado: Pars̕: Éditions Universitaires Europěnes, 2019
Materias:
Acceso en línea:Acceso restringido

MARC

LEADER 00000nam a22000007a 4500
005 20191002235934.0
007 cr|||| ||||
008 191003s2019 fr |||||s|||| 00||0 fra d
020 |a 9786139500031 
035 |a 29048 
040 |a vLex 
090 |c 9691  |d 9691 
100 1 |a Kanane, Julio Tuneko 
245 1 0 |a Protection des justiciables dans la gestion de la dťention  |h [Recurso electrn̤ico] /  |c Julio Tuneko Kanane 
256 |a Servicio en ln̕ea 
260 |a Pars̕:  |b Éditions Universitaires Europěnes,  |c 2019 
300 |a 1 recurso electrn̤ico 
500 |a Ce travail a port ̌sur ± la protection des justiciables dans la gestion de la dťention prv̌entive et de la libert ̌provisoire en Droit Congolais ». La problm̌atique posě par la dťention et la libert ̌provisoire est une question fondamentale qui devrait requřir une attention soutenue de la part des Autoritš judiciaires et lǧislatives de notre pays. Nous nous sommes donc posš deux questions dont la premir̈e consiste ̉savoir les mčanismes de protection du dťenu prv̌entif contre les abus des magistrats dans la gestion de la dťention prv̌entive et ensuite celle de savoir les mčanismes de protection de la sociť ̌et de la victime contre la violation des conditions de la libert ̌provisoire. A cet effet, nous pensons avoir apport,̌ une tentative de rp̌onse au problm̈e en prčonisant le contrl̥e juridictionnel et hiřarchique comme mčanismes de protection du dťenu prv̌entif contre les abus des magistrats instructeurs dans la gestion de la dťention prv̌entive. 
506 1 |a Disponible solo en los productos indicados  |d vLex Global  |d vLex Global (Academic Edition, excluding Law Schools)  |d vLex Global (U.S. Academic Edition, Law Schools)  |d vLex Global (U.S. Academic Edition, excluding Law Schools)  |d vLex Global (Academic Edition, Law Schools) 
650 0 4 |a Derecho Pb︢lico y Administrativo  |z Francia 
740 0 |a vLex Libros (Servicio en ln̕ea) 
856 4 0 |u http://vlex.com/source/29048  |z Acceso restringido 
942 |c BOOK 
999 0 |a Public and Administrative Law